[Event "Bayern-chI Bank Hofmann 5th"]
[Site "Bad Wiessee"]
[Date "2001.11.04"]
[Round "9"]
[White "Gabriel, Josef"]
[Black "Cladouras, Panagiotis"]
[Result "1/2-1/2"]
[WhiteElo "2190"]
[BlackElo "2331"]
[PlyCount "104"]
[EventDate "2001.10.27"]
[EventType "swiss"]
[EventRounds "9"]
[EventCountry "GER"]
[SourceTitle "EXT 2003"]
[Source "ChessBase"]
[SourceDate "2002.11.25"]
[SourceVersion "1"]
[SourceVersionDate "2002.11.25"]
[SourceQuality "1"]

1. c4 e5 2. Nc3 Nc6 3. Nf3 Nf6 4. d4 exd4 5. Nxd4 Bb4 6. Nxc6 bxc6 7. Qc2 0-0 8. a3 Bxc3+ 9. Qxc3 Ne4 10. Qd4 Re8 11. f3 Nd6 12. e4 Nf5 13. Qf2 d5 14. cxd5 cxd5 15. Bb5 Bd7 16. Bd3 Bc6 17. 0-0 dxe4 18. Bxe4 Bxe4 19. fxe4 Nd6 20. Be3 a5 21. Bc5 f6 22. Rad1 Rxe4 23. Qf3 Re8 24. Bxd6 cxd6 25. Qd5+ Kf8 26. Qxd6+ Qxd6 27. Rxd6 Rab8 28. Rd2 Re5 29. Rc1 Rb7 30. Rc8+ Kf7 31. Kf2 h5 32. Rc3 Reb5 33. Rcc2 h4 34. Ke2 Re5+ 35. Kd1 Re4 36. Kc1 a4 37. Rc3 g5 38. b4 axb3 39. Kb2 f5 40. Rxb3 Rxb3+ 41. Kxb3 Re3+ 42. Kb4 g4 43. a4 Re4+ 44. Kb5 Re5+ 45. Kb6 Re6+ 46. Kc5 Re5+ 47. Kd6 Ra5 48. Rd4 Kf6 49. g3 hxg3 50. hxg3 Re5 51. Rd3 Ra5 52. Rd4 Re5 1/2-1/2

[Event "Bayern-chI Bank Hofmann 5th"]
[Site "Bad Wiessee"]
[Date "2001.11.03"]
[Round "8"]
[White "Cladouras, Panagiotis"]
[Black "Lochte, Thomas"]
[Result "1-0"]
[WhiteElo "2331"]
[BlackElo "2157"]
[PlyCount "109"]
[EventDate "2001.10.27"]
[EventType "swiss"]
[EventRounds "9"]
[EventCountry "GER"]
[SourceTitle "EXT 2003"]
[Source "ChessBase"]
[SourceDate "2002.11.25"]
[SourceVersion "1"]
[SourceVersionDate "2002.11.25"]
[SourceQuality "1"]

1. e4 e5 2. Nf3 Nc6 3. Bb5 a6 4. Ba4 Nf6 5. 0-0 Be7 6. Bxc6 dxc6 7. d3 Qd6 8. Nbd2 Be6 9. b3 0-0 10. Bb2 Nd7 11. Qe2 Bf6 12. Rfe1 Rfe8 13. h3 Rad8 14. Nf1 Nf8 15. d4 Ng6 16. dxe5 Nxe5 17. Bxe5 Bxe5 18. Rad1 Qc5 19. Nxe5 Qxe5 20. Qe3 b6 21. f4 Qb2 22. Rd2 Rxd2 23. Qxd2 c5 24. Rd1 f5 25. e5 Qxa2 26. Qc3 Qa3 27. Ra1 Qb4 28. Qxb4 cxb4 29. Rxa6 Rd8 30. Ra7 c6 31. Ne3 Rd7 32. Rxd7 Bxd7 33. Nc4 b5 34. Nb2 c5 35. Nd3 c4 36. Nc5 Bc6 37. Kf2 Kf7 38. g3 Ke7 39. Ke3 Bg2 40. h4 Bd5 41. Kd4 Bg8 42. Na6 cxb3 43. cxb3 Bxb3 44. Nxb4 Kf7 45. Kc5 Kg6 46. Nd5 Kh5 47. Ne3 h6 48. Kxb5 g5 49. hxg5 hxg5 50. Kc5 gxf4 51. gxf4 Kh4 52. Kd6 Kg3 53. Nd5 Kf3 54. e6 Ba4 55. Ke5 1-0

[Event "Bayern-chI Bank Hofmann 5th"]
[Site "Bad Wiessee"]
[Date "2001.10.29"]
[Round "3"]
[White "Krasenkow, Michal"]
[Black "Cladouras, Panagiotis"]
[Result "1-0"]
[WhiteElo "2592"]
[BlackElo "2331"]
[PlyCount "77"]
[EventDate "2001.10.27"]
[EventType "swiss"]
[EventRounds "9"]
[EventCountry "GER"]
[SourceTitle "EXT 2003"]
[Source "ChessBase"]
[SourceDate "2002.11.25"]
[SourceVersion "1"]
[SourceVersionDate "2002.11.25"]
[SourceQuality "1"]

1. d4 Nf6 2. Nf3 e6 3. e3 b6 4. Bd3 Bb7 5. Nbd2 c5 6. 0-0 cxd4 7. exd4 Be7 8. c3 0-0 9. Qe2 d6 10. Nc4 Nbd7 11. Bf4 Qc7 12. h3 Rfe8 13. Bh2 a6 14. a4 Bf8 15. Rfd1 Ra7 16. Nfd2 Raa8 17. Ne3 e5 18. Ndc4 b5 19. Nd2 b4 20. Ndc4 e4 21. Bc2 bxc3 22. bxc3 a5 23. Na3 Qxc3 24. Nb5 Qc6 25. Bb3 Rec8 26. Nf5 Ba6 27. Qa2 d5 28. Nfd6 Bxd6 29. Nxd6 Rf8 30. Rac1 Qb6 31. Bxd5 Nxd5 32. Qxd5 Nf6 33. Qg5 h6 34. Qh4 Bd3 35. Be5 Rfd8 36. Nf5 Ne8 37. Rc6 Qb2 38. Bxg7 e3 39. Ne7+ 1-0

[Event "Bundesliga 0001"]
[Site "Germany"]
[Date "2001.01.28"]
[Round "7.8"]
[White "Ramlow, Marcus"]
[Black "Cladouras, Panagiotis"]
[Result "1/2-1/2"]
[WhiteElo "2190"]
[BlackElo "2338"]
[PlyCount "87"]
[EventDate "2000.10.14"]
[EventType "team-tourn"]
[EventRounds "15"]
[EventCountry "GER"]
[SourceTitle "CBM 082 Extra"]
[Source "ChessBase"]
[SourceDate "2001.07.03"]
[SourceVersion "1"]
[SourceVersionDate "2001.07.03"]
[SourceQuality "1"]
[WhiteTeam "Schott Mainz"]
[BlackTeam "Luebeck"]
[WhiteTeamCountry "GER"]
[BlackTeamCountry "GER"]

1. d4 Nf6 2. Bg5 e6 3. e4 h6 4. Bxf6 Qxf6 5. Nc3 d6 6. Qd2 c6 7. f4 e5 8. dxe5 dxe5 9. fxe5 Qxe5 10. Nf3 Qd6 11. Bd3 Be6 12. e5 Qb4 13. 0-0-0 Be7 14. Qe2 Nd7 15. a3 Qa5 16. Bc4 Bxc4 17. Qxc4 Nxe5 18. Qd4 Nxf3 19. Qd7+ Kf8 20. Qxb7 Re8 21. gxf3 Bxa3 22. Rd7 Qxc3 23. bxa3 Qxa3+ 24. Kb1 Qxf3 25. Rhd1 Kg8 26. R7d3 Qf5 27. Rb3 Kh7 28. Qxc6 Rc8 29. Qg2 Rb8 30. Rdd3 Rhe8 31. Qd2 a5 32. Qc3 a4 33. Rb4 Rxb4+ 34. Qxb4 Qf1+ 35. Ka2 Re1 36. Qb2 Re2 37. Rg3 g6 38. Qc3 Qf5 39. Rd3 Qe6+ 40. Kb2 Qb6+ 41. Ka2 Qe6+ 42. Kb2 Qb6+ 43. Ka2 Qe6+ 44. Kb2 1/2-1/2

[Event "Bayern-chI Bank Hofmann 4th"]
[Site "Bad Wiessee"]
[Date "2000.11.03"]
[Round "7"]
[White "Naumann, Alexander"]
[Black "Cladouras, Panagiotis"]
[Result "1/2-1/2"]
[WhiteElo "2489"]
[BlackElo "2338"]
[PlyCount "90"]
[EventDate "2000.10.28"]
[EventType "swiss"]
[EventRounds "9"]
[EventCountry "GER"]
[SourceTitle "EXT 2003"]
[Source "ChessBase"]
[SourceDate "2002.11.25"]
[SourceVersion "1"]
[SourceVersionDate "2002.11.25"]
[SourceQuality "1"]

1. e4 e5 2. Bc4 Nf6 3. d3 c6 4. Nf3 h6 5. 0-0 d6 6. Nbd2 Be7 7. Bb3 0-0 8. Re1 Nbd7 9. c3 g6 10. Nf1 Kg7 11. Ng3 Ng8 12. d4 Bg5 13. Nxg5 hxg5 14. Be3 Qe7 15. Qd2 f6 16. Rad1 Re8 17. d5 c5 18. Ba4 Rd8 19. b4 cxb4 20. cxb4 Nb6 21. Bb3 Bd7 22. Rc1 Rdc8 23. Rxc8 Rxc8 24. Rc1 Qd8 25. Rc3 Rxc3 26. Qxc3 Ne7 27. Qc2 Qc8 28. Qxc8 Nexc8 29. Ne2 Na4 30. Bxa4 Bxa4 31. Nc3 Bd7 32. f3 Kf7 33. a4 Ke7 34. g4 Kf7 35. Kg2 Ke7 36. b5 Be8 37. a5 a6 38. b6 Bd7 39. Na2 Bb5 40. Nb4 Kd8 41. h4 gxh4 42. g5 f5 43. Bf2 fxe4 44. fxe4 Ne7 45. Bxh4 Bc4 1/2-1/2

[Event "Bayern-chI Bank Hofmann 4th"]
[Site "Bad Wiessee"]
[Date "2000.10.30"]
[Round "3"]
[White "Schoen, Rudolf"]
[Black "Cladouras, Panagiotis"]
[Result "0-1"]
[WhiteElo "2044"]
[BlackElo "2338"]
[PlyCount "52"]
[EventDate "2000.10.28"]
[EventType "swiss"]
[EventRounds "9"]
[EventCountry "GER"]
[SourceTitle "EXT 2003"]
[Source "ChessBase"]
[SourceDate "2002.11.25"]
[SourceVersion "1"]
[SourceVersionDate "2002.11.25"]
[SourceQuality "1"]

1. e4 c5 2. c3 d5 3. exd5 Qxd5 4. d4 Nc6 5. Be3 cxd4 6. cxd4 e6 7. a3 Nf6 8. Nc3 Qd6 9. g3 Be7 10. Bg2 0-0 11. Nge2 Rd8 12. 0-0 b6 13. Rc1 Bb7 14. Qa4 Qd7 15. Rfd1 Na5 16. Nb5 Bxg2 17. Rc7 Qe8 18. Kxg2 Nd5 19. Rcc1 a6 20. Nbc3 Qxa4 21. Nxa4 b5 22. Nc5 Nc4 23. Rd3 Ndxe3+ 24. Rxe3 Bxc5 25. Rxc4 bxc4 26. dxc5 Rac8 0-1